000 01669nam a2200325 c 4500
999 _c174604
_d174604
003 BLK
005 20241115115131.0
008 180411b bul|||||r ||||||| ||bul||
010 _aKNG00183096000
040 _aBLK
041 _aBUL
_cBUL
080 _aБългарска литература
_b821.163.2
_x-4
_z821.163.2-4
100 1 _aЦонев, Светозар Стефанов
_eпърви автор
_9287892
139 _aЦонев, Светозар Стефанов
_bЦ 80
245 1 0 _aОбрази и думи
_bЕсета, етюди, размисли
_cСветозар Стефанов Цонев.
257 _aBGR
260 _bВоен. изд.
_c1984
300 _a195 с.
_c20 см
380 _aX
490 _9396381
_aЧастна колекция - Академик Михаил Арнаудов
_gДарение - Основен фонд
500 _a4 230 тир. - Съдържа : Българи - прабългари - бървобългари ; Левски и думите ; Апостолите през май ; За Ботев ; Вазов - или съвестта на България ; Мигновения с Яворов ; Ситен дъжд вали като маргарит. - Автограф с текст: На Петър Арнаудов - за да се запознаем и знаем нашите бащи Светозар Цонев 5.IX.1984 София
852 _aЦб 124849
852 _aМА 4879
856 4 _qpdf
856 4 _qpdf
942 _cKNG
_n0
_02
_s1
944 _aCR
_c02.10.2015
_k30546
_lРенета Константинова
944 _aED
_c12.09.2017
_kВася_Ганчева
999 _d174604